00574nam a2200193Ia 450000500170000000800410001702000150005808200170007310000160009024500510010626000440015730000180020165000160021965000140023565000110024994200060026095200990026699900150036520240821071621.0240331s9999 xx 000 0 und d a0935028188 bBENa613.042 aBenjamin, M 0aNo free lunchbFood & Revolution in Cuba Today aEnglandbThird World Publicationsc1984 axii, 240 p ., aFood Supply aPolitical aSocial cL 001040708LaWERCLbWERCLcSSCd2024-03-31l0o 613.042 BENp2198r2024-03-31w2024-03-31yL c3004d3004